000 00715nam a2200289Ia 4500
005 20260324122507.0
008 008 260324s9999 xx 000 0 eng d
020 _a9781315591452
037 _aEBOOK
040 _aCRL
040 _beng
040 _cCRL
041 _2eng
041 _aeng
084 _qCRL
100 _aChristopher Williams; Girolamo Tessuto
_91166655
245 0 _aLanguage in the Negotiation of Justice
245 0 _bContexts, Issues and Applications
260 _bTaylor and Francis
260 _c2013
365 _a
365 _b255
856 _uhttp://www.taylorfrancis.com/books/9781315591452
942 _cEBOOK
999 _c1759460
_d1759460